| 000 | 02614cam a22003978i 4500 | ||
|---|---|---|---|
| 999 |
_c16758 _d16758 |
||
| 001 | 21051877 | ||
| 005 | 20220328111608.0 | ||
| 008 | 190702s2019 nyu b 001 0 eng | ||
| 010 | _a 2019028279 | ||
| 020 | _a978-0-367-77742-5 | ||
| 040 |
_aDLC _beng _erda _cDLC |
||
| 042 | _apcc | ||
| 043 |
_aae----- _aaz----- _aas----- |
||
| 050 | 0 | 0 |
_aBL1055 _b.R424 2019 |
| 082 | 0 | 0 |
_aDC 322.1095 _22020 _bR279 |
| 245 | 0 | 0 |
_aReligion and nationalism in Asia / _cedited by Giorgio Shani and Takashi Kibe. |
| 260 |
_aNew York, NY : _bRoutledge, _c©2020 |
||
| 263 | _a1909 | ||
| 300 |
_axi, 201 pages : _billustrations ; _c24 cm |
||
| 490 | 0 | _aPolitical theories in East Asian context | |
| 504 | _aIncludes bibliographical references and index. | ||
| 520 | _a"This book re-examines the relationship between religion and nationalism in a contemporary Asian context, with a focus on East, South and South East Asia. Addressing empirical, analytical, and normative questions, it analyses selected case studies from across Asia, including China, India, Iraq, Japan, Pakistan, the Philippines and Sri Lanka and compares the differences and commonalities between the diverse configurations of nationalism and religion across the continent. It then goes on to explain reasons for the regional religious resurgence and asks, is the nation-state model, aligned with secularism, suitable for the region? Exploring the two interrelated issues of legacies and possibilities, this book also examines the relationship between nationalism and modernity, identifying possible and desirable trajectories which go beyond existing configurations of nationalism and religion. Bringing together a stellar line up of contributors in the field, Religion and Nationalism in Asia will be a valuable resource for students and scholars of Asian religion and politics as well as sociology, ethnicity, nationalism and comparative politics"-- | ||
| 650 | 0 |
_aNationalism _xReligious aspects. _944815 |
|
| 650 | 0 |
_aNationalism _zEast Asia. _944816 |
|
| 650 | 0 |
_aNationalism _xSouth Asia. _944817 |
|
| 650 | 0 |
_aNationalism _zSoutheast Asia. _944818 |
|
| 651 | 0 |
_aEast Asia _xReligion. _944819 |
|
| 651 | 0 |
_aSouth Asia _xReligion. _944423 |
|
| 651 | 0 |
_aSoutheast Asia _xReligion. _944820 |
|
| 700 | 1 |
_aShani, Giorgio, _d1970- _eeditor. _944821 |
|
| 776 | 0 | 8 |
_iOnline version: _tReligion and nationalism in Asia _dNew York : Routledge, 2019. _z9780429060922 _w(DLC) 2019028280 |
| 365 |
_b5,918.00 _cPhp |
||
| 906 |
_a7 _bcbc _corignew _d1 _eecip _f20 _gy-gencatlg |
||
| 942 |
_2ddc _cDC |
||